University Home | Library Home | Institutional Repository

Membrane activation in immunologially relevant cells. (Record no. 164030)

MARC details
000 -LEADER
fixed length control field 00678cam6a220021700 4500
001 - CONTROL NUMBER
control field zam00000423
008 - FIXED-LENGTH DATA ELEMENTS--GENERAL INFORMATION
fixed length control field 951128s1988 xx eng u
020 ## - INTERNATIONAL STANDARD BOOK NUMBER
International Standard Book Number 3805546998
035 ## - SYSTEM CONTROL NUMBER
System control number (Sirsi) r17943
035 ## - SYSTEM CONTROL NUMBER
System control number (MACHINE)00647
245 00 - TITLE STATEMENT
Title Membrane activation in immunologially relevant cells.
260 ## - PUBLICATION, DISTRIBUTION, ETC.
Place of publication, distribution, etc. Basel :
Name of publisher, distributor, etc. Karger,
Date of publication, distribution, etc. 1988.
504 ## - BIBLIOGRAPHY, ETC. NOTE
Bibliography, etc. note Includes bibliographical references.
650 ## - SUBJECT ADDED ENTRY--TOPICAL TERM
Topical term or geographic name entry element Cells.
Linkage S1967.1
650 ## - SUBJECT ADDED ENTRY--TOPICAL TERM
Topical term or geographic name entry element immucompetent.
Linkage S56802.1
700 ## - ADDED ENTRY--PERSONAL NAME
Personal name edited by Elmer L. Becker.
Linkage A76550.1
700 ## - ADDED ENTRY--PERSONAL NAME
Personal name Becker, Elmer.
Linkage A76551.1
949 ## - LOCAL PROCESSING INFORMATION (OCLC)
a QR/185/.5
w lcc
i -14354
p 2500
t BOOK
l ON-SHELF
900 ## - EQUIVALENCE OR CROSS-REFERENCE-PERSONAL NAME [LOCAL, CANADA]
-- 1988
Field link and sequence number QR/185/.5
-- MEN
Titles and other words associated with a name 1
Name of part/section of a work 2500

No items available.

© 2026 - The University of Zambia Library - Koha v25.11